Christian Countries of Asia Quiz Stats

Quiz Updated Nov 16, 2016

Challenge
Share
Tweet
Score 0/8 Timer 03:00
3 Plays Today
% Correct
Russia (73.6%)
84.9%
Philippines (93.1%)
71.3%
Georgia (89.3%)
57.7%
Armenia (98.5%)
54.1%
Kazakhstan (26.2%)
54.1%
South Korea (29.3%)
49.8%
Lebanon
(38.3%)
33.9%
Timor-Leste (>99.0%)
23.1%

You're not logged in!

Compare scores with friends on all Sporcle quizzes.
Join for Free
OR
Log In

You Might Also Like...

Show Comments

Extras

Top Quizzes Today


Score Distribution

Your Account Isn't Verified!

In order to create a playlist on Sporcle, you need to verify the email address you used during registration. Go to your Sporcle Settings to finish the process.

Report this User

Report this user for behavior that violates our Community Guidelines.

Details: